02783nam a2200577Ia 45000010005000000080041000050100009000460410014000550820023000692450152000922600018002443000007002625200007002696300030002766300028003066300030003346300026003646300027003906500024004176900024004417000030004657000029004957000025005247000029005499010063005789020006006419030066006479040018007139050035007319060006007669070014007729080014007869090051008009100015008519110010008669120014008769130009008909140023008999150019009229160009009419170009009509180014009599190035009735201138010089210007021469220007021539230006021609240014021669420010021809990015021904120241029s9999 xx 000 0 und d a3870 aEspañol aUCSD MDU 0093 2014 0aNivel de Conocimiento sobre el Manejo y Uso de los Materiales Didácticos, por parte de los Profesores de la Universidad Odontológica Dominicana aSanto Domingo a69 a48 aEstrategia de Aprendizaje aMateriales Didácticos aPlanificación Educativa aRecursos Didácticos aTecnología Educativa aGestión Educativa aCopiado sin cambios easesoraGonzález, Sarah eautoraFernández, Ruth eautoraReyes, Arleny easesoraMuñoz, yocasta a{"1":"Fernández","2":"Reyes"}b{"1":"Ruth","2":"Arleny"} a2 a{"1":"Muñoz","2":"González"}b{"1":"yocasta","2":"Sarah"} aMaestría en aDocencia y Gestión Educativa a2 aNO APLICA aNO APLICA aUniversidad Católica de Santo Domingo (UCSD) aNULLbNULL a["1"] aNO APLICA aNULL a01 de Mayo de 2014 a17/05/15 08:05 aNULL aNULL aNO APLICA a["93","136","161","175","191"] aLos materiales didácticos son elementos que emplean los docentes para facilitar y conducir el aprendizaje de los estudiantes, ayudando a presentar y desarrollar los contenidos, aportando al alumno, mayores habilidades en ambiente educativo.  Como objetivo general esta investigación busca analizar, como los profesores de la Universidad Odontológica, manejan y usan los materiales didácticos.La población de estudio de la investigación, serán los profesores de la Universidad Odontológica Dominicana, ubicada en la prolongación 27 de febrero 204, Santo Domingo Oeste, en el periodo septiembre 2013 a octubre 2014. El aporte que se pretende tener a partir de esta investigación, es que la Universidad Odontológica, ofrezca capacitación a sus docentes, sobre el uso y manejo de los materiales didácticos y a la vez que incentiven, para que estos hagan uso de ellos en las aulas y lograr un mejor desarrollo del proceso de enseñanza. Al rector y los dos coordinadores de la clínica,  se les aplicará un cuestionario,  una entrevista y serán observados en el momento de desarrollar sus clases.     a12 a12 a0 aNO APLICA cTesis c3870d3870